Religion in Jamaica - Statistics

General Stats
  • This quiz has been taken 47 times
  • The average score is 3 of 7
Answer Stats
Percent Religion % Correct
2.2% Catholic
90%
64.8% Protestant
79%
1.1% Rastafari
74%
21.3% None
40%
6.5% Other
29%
2.3% Unknown
21%
1.9% Jehovah's Witness
10%
No matching quizzes found
Score Distribution
Percent of People with Each Score
Percentile by Number Answered
Your Score History
You have not taken this quiz